| 000 | 00554nam a2200169 i 4500 | ||
|---|---|---|---|
| 001 | 37579 | ||
| 003 | ES-MaACL | ||
| 005 | 20230906155613.0 | ||
| 007 | t| | ||
| 008 | 030221q1924 sp ||||1| spa d | ||
| 100 | 0 |
_aEl Caballero Audaz. _933095 |
|
| 245 | 1 | 3 |
_aEl novelista que vendió a su Patria _b: o Tartarin revolucionario : (triste historia de actualidad) / _cpor El Caballero Audaz (seud.). |
| 260 |
_aMadrid : _b[s.n., _c1924?] ( _fImp. Latina) |
||
| 300 |
_a135 p. ; _c18 cm. |
||
| 740 | 0 | _aTartarin revolucionario. | |
| 852 |
_aES-MaACL _jB-5893 |
||
| 999 |
_c37579 _d37579 |
||